Представление документа в формате MARC21

Поле Инд. ПП Название Значение
Тип записи a
Библиографический уровень m
001 Контрольный номер b57dd821-e70e-45f9-bc5f-8c0c47011693
005 Дата корректировки 20140226170233.8
008 Кодируемые данные 20010104s?a aznnnabbn zn aan
020 a ISBN 5-283-00588-7
c Цена, тираж 2.90
040 a Служба первич. каталог. RU-RKP
a Служба первич. каталог. НБ ТвГУ
041 a Код языка текста rus
080 a Индекс УДК 64.06-83
084 a Индекс другой классификации/Индекс ББК З293-5
a Индекс другой классификации/Индекс ББК М79
090 x Авторский знак К32
a Полочн. индекс З293-5
092 a 44.29.39
100 1_ a Автор Квятковский Сергей Феодосьевич
245 10 a Заглавие Ваши помощники на кухне
b Продолж. заглавия Электронагреват. приборы для приготовления пищи: устройство, рац. использ., рецепты
c Ответственность С. Ф. Квятковский, Ю. М. Герчук
260 0_ a Место издания Москва
b Издательство Энергоатомиздат
c Дата издания 1991
300 a Объем 68,[2] с.
b Иллюстрации/ тип воспроизводства ил.
c Размеры 20 см
650 a Основная рубрика Кухни
x Основная подрубрика Электрооборудование
650 a Основная рубрика Бытовые машины и приборы
653 a Ключевые слова Использование электрической энергии
700 1_ a Другие авторы Герчук Юрий Михайлович
e Роль лиц авт.
852 t Порядковый номер экземпляра 1
p Инвентарный номер 624410
999 a Подразделение 2 Фил3